000 00555nam a2200193Ia 4500
005 20260120124505.0
008 008 260114s9999 xx 000 0 eng d
020 _a9781787564626
037 _aEBOOK
040 _aCRL
_beng
_cCRL
041 _aeng
_2eng
084 _qCRL
245 0 _aTransitions through the Labor Market
260 _bEmerald Publishing
_c2018
700 _aSolomon W. Polachek
_9907044
856 _uhttps://www.emerald.com/insight/publication/doi/10.1108/S0147-9121201846
942 _cEBOOK
999 _c1498731
_d1498731